Organizations and Organization Theory. (Record no. 348925)

000 -LEADER
fixed length control field 00525 a2200193 4500
003 - CONTROL NUMBER IDENTIFIER
control field OSt
005 - DATE AND TIME OF LATEST TRANSACTION
control field 20180116182933.0
008 - FIXED-LENGTH DATA ELEMENTS--GENERAL INFORMATION
fixed length control field 160616b xxu||||| |||| 00| 0 eng d
020 ## - INTERNATIONAL STANDARD BOOK NUMBER
International Standard Book Number 0
040 ## - CATALOGING SOURCE
Transcribing agency 0
082 ## - DEWEY DECIMAL CLASSIFICATION NUMBER
Classification number 302.35 ORG [N.D]
100 ## - MAIN ENTRY--PERSONAL NAME
Personal name Organizations
245 ## - TITLE STATEMENT
Title Organizations and Organization Theory.
Statement of responsibility, etc. Organizations
260 ## - PUBLICATION, DISTRIBUTION, ETC.
Place of publication, distribution, etc. photo copay
Date of publication, distribution, etc. 2004
300 ## - PHYSICAL DESCRIPTION
Extent 299p.
Other physical details HB
Dimensions Photocopy
440 ## - SERIES STATEMENT/ADDED ENTRY--TITLE
Title Organizations and Organization Theory.
500 ## - GENERAL NOTE
General note Hard cover
942 ## - ADDED ENTRY ELEMENTS (KOHA)
Institution code [OBSOLETE] NBS
Koha item type Book
Call number prefix 302.35 ORG [N D]
Source of classification or shelving scheme
Holdings
Withdrawn status Lost status Damaged status Not for loan Permanent Location Current Location Date acquired Total Checkouts Full call number Barcode Date last seen Date last checked out Price effective from Koha item type Source of classification or shelving scheme Collection code Shelving location
        Central Library (CL) Central Library (CL) 08/28/2013 1 302.35 OOT NBSP-11 11/22/2017 07/20/2017 08/28/2013 Book      
        Central Library (CL) Central Library (CL) 08/28/2013 1 302.35 OOT NBSP-08 11/22/2017 07/20/2017 08/28/2013 Book      
        Central Library (CL) Central Library (CL) 08/28/2013 1 302.35 OOT NBSP-10 11/22/2017 07/20/2017 08/28/2013 Book      
        Central Library (CL) Central Library (CL) 09/27/2016 1 302.35 ORG [N.D] NBSP-16 11/22/2017 07/20/2017 09/27/2016 Book     General Stacks
        Central Library (CL) Central Library (CL) 10/25/2016   302.35 ORG [N.D] NBS D-2938 10/25/2016   10/25/2016 Book     General Stacks
        Central Library (CL) Central Library (CL) 08/04/2017 1 302.35 ORG [N.D] NBSP-13 11/22/2017 08/04/2017 08/04/2017 Book     General Stacks
© 2023 Central Library, National University of Sciences and Technology. All Rights Reserved.